Financial Accounting. (Record no. 1550)

MARC details
005 - DATE AND TIME OF LATEST TRANSACTION
control field 20250417112633.0
020 ## - INTERNATIONAL STANDARD BOOK NUMBER
International Standard Book Number 978-0-8264-6022-6
082 ## - DEWEY DECIMAL CLASSIFICATION NUMBER
Classification number 657.48 JEN
100 ## - MAIN ENTRY--PERSONAL NAME
Author name JENNINGS, A. R.
245 ## - TITLE STATEMENT
Title Financial Accounting.
250 ## - EDITION STATEMENT
Edition statement 2rd Ed
260 ## - PUBLICATION, DISTRIBUTION, ETC.
Place of publication, distribution, etc. Singapore,
Name of publisher, distributor, etc. Seng Lee Press,
Date of publication, distribution, etc. 1993.
300 ## - PHYSICAL DESCRIPTION
Extent 652p.: ill.;
Other physical details Index
Dimensions 27cm
856 ## - ELECTRONIC LOCATION AND ACCESS
Link text Access Online Book
Electronic name Accounting
Path www.cengagebrain.com
942 ## - ADDED ENTRY ELEMENTS (KOHA)
Source of classification or shelving scheme Dewey Decimal Classification
Koha item type Books
Holdings
Date last seen Total checkouts Full call number Barcode Cost, replacement price Price effective from Koha item type Lost status Source of classification or shelving scheme Damaged status Not for loan Withdrawn status Home library Current library Shelving location Date acquired Cost, normal purchase price
04/17/2025   657.48 JEN 0000006011 165000.00 04/17/2025 Books   Dewey Decimal Classification       College of Business Education Main Library College of Business Education Main Library General Collection 04/17/2025 55000.00
04/17/2025   657.48 JEN 0000006012 165000.00 04/17/2025 Books   Dewey Decimal Classification       College of Business Education Main Library College of Business Education Main Library General Collection 04/17/2025 55000.00
04/17/2025   657.48 JEN 0000006013 165000.00 04/17/2025 Books   Dewey Decimal Classification       College of Business Education Main Library College of Business Education Main Library General Collection 04/17/2025 55000.00
04/17/2025   657.48 JEN 0000006014 165000.00 04/17/2025 Books   Dewey Decimal Classification       College of Business Education Main Library College of Business Education Main Library General Collection 04/17/2025 55000.00
04/17/2025   657.48 JEN 0000006015 165000.00 04/17/2025 Books   Dewey Decimal Classification       College of Business Education Main Library College of Business Education Main Library General Collection 04/17/2025 55000.00
06/02/2025   LECT 657.48 JEN 00000010598 135000.00 06/02/2025 Books   Dewey Decimal Classification       College of Business Education Main Library College of Business Education Main Library General Collection 10/27/2005 45000.00